000 01117nac a22003377a 4500
001 BR8203900
003 BR-BrBNA
005 20240105115406.0
008 230509b bl.|||m| |||| 00| 0 por d
040 _aBR-BrBNA
_bpor
_cBiblioteca Nacional de Agricultura
072 _aF30
090 _a0120 BR8203900
100 1 _aSouza, F.R.S. de
100 1 _aBarriga, R.H.M.P.
100 1 _aMota, M.G. da C.
110 1 _aUnidade de Execucao de Pesquisa de Ambito Estadual de Altamira, PA (Brasil)
_910343
245 1 _aSelecao intrapopulacional em milho na Transamazonica - Para [Zea mays, progenie, genetica vegetal, Brasil]
260 3 _aAltamira, PA (Brasil):
_c1982.
300 _a2 p.
490 _aPesquisa em Andamento - Unidade de Execucao de Pesquisa de Ambito Estadual de Altamira (Brazil)
_vno. 5
_x
650 _aMILHO
650 _aVARIEDADE
650 _aPROGENIE
650 _aSELECAO MASSAL
650 _aTESTE DE PROGENIE
650 _aVARIEDADE RESISTENTE
650 _aTRANSAMAZONICA
650 _aPARA
909 _a202312
_bLúcia Elande
_c55
_dLúcia Elande
942 _2AGRIS
_n0
_cMS
999 _c274639
_d274639